Historia de la cristiandad / Diarmaid Maclloch ; traducido por Ricardo García Pérez (Registro nro. 44349)
[ vista simple ]
| 000 -LÍDER | |
|---|---|
| Campo fijo de descripción fija | 009690000a22002050004500 |
| 020 ## - NÚMERO INTERNACIONAL NORMALIZADO PARA LIBROS | |
| Número Internacional Normalizado del libro | 978-84-9992-2 |
| 082 04 - NÚMERO DE CLASIFICACIÓN DECIMAL DEWEY | |
| Número de clasificación | G 270 M1332h |
| 001 - NÚMERO DE CONTROL | |
| Campo de control | 17782 |
| 100 1# - ASIENTO PRINCIPAL--NOMBRE PERSONAL | |
| Nombre personal | MacCulloch, Diarmaid |
| 245 10 - TÍTULO | |
| Título del Material | Historia de la cristiandad / Diarmaid Maclloch ; traducido por Ricardo García Pérez |
| 260 ## - PUBLICACIÓN, DISTRIBUCIÓN, ETC. (PIE DE IMPRENTA) | |
| Lugar de publicación, distribución, etc. | Barcelona : Debate |
| 300 ## - DESCRIPCIÓN FÍSICA | |
| Extensión | 1293 p. |
| 336 ## - CONTENT TYPE | |
| Content type term | texto |
| Content type code | txt |
| Source | rdacontent |
| 337 ## - MEDIA TYPE | |
| Source | rdamedia |
| Media type term | sin mediación |
| Media type code | n |
| 338 ## - CARRIER TYPE | |
| Source | rdacarrier |
| Carrier type term | volumen |
| Carrier type code | nc |
| 500 ## - NOTA GENERAL | |
| Nota General | Título original. a history of christianity |
| 505 00 - NOTA DE CONTENIDO | |
| Nota de contenido con formato preestablecido | Un milenio de comienzos (1000 a.n.e - 100 n.e) - ¿Una iglesia, un credo y un Señor únicos? (4 a.n.e.-451 n.e.) -- Futuros evanescentes: Oriente y Sur (451-1500) -- El ascenso imprevisible de Roma (300-1300) -- La ortodoxia: el credo imperial (451-1800) -- La desmembración del cristianismo occidental (1300-1800) -- Dios en el banquillo (1492-actualidad) |
| 650 14 - ASIENTO SECUNDARIO DE MATERIA - TERMINO TEMÁTICO | |
| Término temático o nombre geográfico como elemento de entrada | CRISTIANISMO - HISTORIA \ IGLESIA - HISTORIA |
| 942 ## - TIPO DE MATERIAL (KOHA) | |
| Tipo de Item KOHA | Libros General |
| Estado de Material | Estado de Perdido | Estado de Dañado | No para Préstamo | Colección | Tomo | Biblioteca de Origen | Biblioteca Permanente | Fecha de Adquisición | Total de Préstamos | Total de Renovaciones | Signatura Topográfica | Código de Barras | Última vez visto | Última vez Préstado | Ejemplar/Existencia | Fecha de Remplazo | Tipo de Material |
|---|---|---|---|---|---|---|---|---|---|---|---|---|---|---|---|---|---|
| Colección General | Biblioteca FUSBC | Biblioteca FUSBC | 19/11/2012 | 17 | 10 | G 270 M1332h | 17782 | 01/03/2024 | 27/03/2023 | 1 | 26/01/2016 | Libros General |
